[Event "TCh-CHN DivA Regular"]
[Site "Fuling CHN"]
[Date "2023.06.05"]
[Round "1.5"]
[Board "3"]
[White "Zhang, Zhong"]
[Black "Kong, Xiangrui"]
[Result "0-1"]
[WhiteTitle "GM"]
[WhiteElo "2589"]
[BlackElo "2273"]
[WhiteTeam "Shanghai"]
[BlackTeam "Hangzhou"]
[WhiteFideId "8600694"]
[BlackFideId "8632200"]
[EventDate "2023.06.05"]
[EventType "team"]

1. d4 d5 2. Nf3 Nf6 3. c4 c6 4. g3 dxc4 5. Bg2 b5 6. O-O e6 7. Ne5 Bb7 8. a4 a6
9. b3 cxb3 10. Qxb3 Qxd4 11. Bb2 Qb4 12. Qc2 Qc5 13. Qd3 Be7 14. Nd2 Qb6 15. g4
c5 16. axb5 Bxg2 17. Kxg2 O-O 18. Rfb1 Qb7+ 19. Qf3 Nd5 20. bxa6 Rxa6 21. Rxa6
Qxa6 22. Nec4 Nc6 23. Qg3 Rd8 24. g5 Nd4 25. e3 Nf5 26. Qh3 Bxg5 27. Kh1 Qa8 28.
Qg2 Bf6 29. Bxf6 Nxf6 30. Qxa8 Rxa8 31. Rb5 Ra1+ 32. Kg2 Nh4+ 33. Kg3 g5 34. f4
Rg1+ 35. Kf2 Rg2+ 36. Kf1 gxf4 37. exf4 Rxh2 38. Rxc5 Nd5 39. Kg1 Rg2+ 40. Kf1
Nxf4 41. Ne4 Rc2 42. Nf6+ Kg7 43. Ne8+ Kh6 44. Rc7 Nd5 0-1

[Event "TCh-CHN DivA Regular"]
[Site "Fuling CHN"]
[Date "2023.06.05"]
[Round "1.5"]
[Board "4"]
[White "Lu, Miaoyi"]
[Black "Ju, Wenjun"]
[Result "1/2-1/2"]
[WhiteTitle "WIM"]
[BlackTitle "GM"]
[WhiteElo "2176"]
[BlackElo "2566"]
[WhiteTeam "Hangzhou"]
[BlackTeam "Shanghai"]
[WhiteFideId "8618020"]
[BlackFideId "8603006"]
[EventDate "2023.06.05"]
[EventType "team"]

1. e4 c6 2. d4 d5 3. exd5 cxd5 4. c4 Nf6 5. Nc3 e6 6. Nf3 Bb4 7. cxd5 exd5 8.
Bd3 O-O 9. O-O h6 10. Ne5 Nc6 11. Nxc6 bxc6 12. Bf4 Re8 13. Na4 Bd6 14. Bxd6
Qxd6 15. Rc1 Ng4 16. g3 Nf6 17. Nc5 Bh3 18. Re1 Rxe1+ 19. Qxe1 Re8 20. Qd2 Qe7
21. Bf1 Bxf1 22. Kxf1 Ne4 23. Nxe4 Qxe4 24. Kg1 Re6 25. b3 h5 26. h4 g6 27. Rc3
Kf8 28. Kh2 Qe2 29. Qxe2 Rxe2 30. Kg2 Rxa2 31. Rxc6 Ke7 32. Kf3 Ra3 33. Ke2 f6
34. b4 Rb3 35. Ra6 Rxb4 36. Rxa7+ Ke6 37. Ke3 Kf5 38. Re7 Rb3+ 39. Ke2 Ra3 40.
Re8 Rb3 41. Re7 Rb5 42. Kf3 Rb1 43. Ke2 Ra1 44. Re8 Ra6 45. Kf3 Ra3+ 46. Ke2
Ra2+ 47. Ke3 Ra3+ 1/2-1/2

[Event "TCh-CHN DivA Regular"]
[Site "Fuling CHN"]
[Date "2023.06.05"]
[Round "1.5"]
[Board "5"]
[White "Ni, Shiqun"]
[Black "Zhao, Shengxin"]
[Result "1/2-1/2"]
[WhiteTitle "WGM"]
[BlackTitle "WFM"]
[WhiteElo "2323"]
[BlackElo "2156"]
[WhiteTeam "Shanghai"]
[BlackTeam "Hangzhou"]
[WhiteFideId "8608466"]
[BlackFideId "8608040"]
[EventDate "2023.06.05"]
[EventType "team"]

1. e4 c5 2. Nf3 d6 3. Bb5+ Bd7 4. Bxd7+ Qxd7 5. c4 Nf6 6. Nc3 e5 7. d3 g6 8. a3
Bg7 9. b4 Nc6 10. Rb1 O-O 11. Bg5 h6 12. Bxf6 Bxf6 13. h4 Bg7 14. bxc5 dxc5 15.
Nd5 h5 16. Rh3 Rab8 17. Kf1 Nd8 18. Qb3 Ne6 19. Rg3 Rfd8 20. Qb5 Qd6 21. a4 Nf4
22. Qb3 b6 23. Ng1 Bf6 24. Nf3 Bg7 25. Ng5 Bh6 26. Qc3 Bg7 27. Qb3 Bh6 28. Qc3
Bg7 29. Qb3 Bh6 1/2-1/2

[Event "TCh-CHN DivA Regular"]
[Site "Fuling CHN"]
[Date "2023.06.05"]
[Round "1.6"]
[Board "1"]
[White "Lu, Shanglei"]
[Black "Wang, Hao"]
[Result "1/2-1/2"]
[WhiteTitle "GM"]
[BlackTitle "GM"]
[WhiteElo "2597"]
[BlackElo "2722"]
[WhiteTeam "Zhejiang Shaoxing"]
[BlackTeam "Shenzhen Pengcheng"]
[WhiteFideId "8603332"]
[BlackFideId "8602883"]
[EventDate "2023.06.05"]
[EventType "team"]

1. e4 c6 2. Nc3 d5 3. Nf3 Bg4 4. h3 Bxf3 5. Qxf3 Nf6 6. d4 e6 7. Bg5 h6 8. Bxf6
Qxf6 9. Qxf6 gxf6 10. a3 Nd7 11. Be2 a6 12. f4 dxe4 13. f5 e3 14. fxe6 fxe6 15.
Nd1 h5 16. Nxe3 f5 17. O-O O-O-O 18. Rae1 Nf6 19. c3 Bd6 20. Bf3 Bg3 21. Re2 h4
22. Nc4 Rhe8 23. a4 Kc7 24. a5 Re7 25. Ne5 c5 26. dxc5 Bxe5 27. Rxe5 Nd7 28. Re3
Nxc5 29. b4 Rd3 30. Kf2 f4 1/2-1/2

[Event "TCh-CHN DivA Regular"]
[Site "Fuling CHN"]
[Date "2023.06.05"]
[Round "1.6"]
[Board "2"]
[White "Zhou, Weiqi"]
[Black "Zhu, Jiner"]
[Result "1-0"]
[WhiteTitle "GM"]
[BlackTitle "WGM"]
[WhiteElo "2604"]
[BlackElo "2507"]
[WhiteTeam "Shenzhen Pengcheng"]
[BlackTeam "Zhejiang Shaoxing"]
[WhiteFideId "8601674"]
[BlackFideId "8608059"]
[EventDate "2023.06.05"]
[EventType "team"]

1. d4 Nf6 2. Nf3 d5 3. c4 e6 4. Nc3 Bb4 5. Bg5 h6 6. Bxf6 Qxf6 7. Qb3 c5 8. cxd5
exd5 9. a3 Bxc3+ 10. Qxc3 c4 11. b3 Be6 12. bxc4 dxc4 13. e4 O-O 14. Be2 Rd8 15.
Rc1 b5 16. d5 Qxc3+ 17. Rxc3 Bd7 18. a4 a6 19. Nd4 Rc8 20. Kd2 Rc5 21. Ra1 bxa4
22. Bd1 Ra7 23. Bxa4 Bxa4 24. Rxa4 Rac7 25. Nf5 Nd7 26. Rxa6 Nf6 27. Ke3 Kh7 28.
f3 Rd7 29. Rd6 Ra7 30. Rc6 Rb5 31. R6xc4 Ra2 32. Rc2 Rbb2 33. Nd4 1-0

[Event "TCh-CHN DivA Regular"]
[Site "Fuling CHN"]
[Date "2023.06.05"]
[Round "1.6"]
[Board "3"]
[White "Chen, Yuan2"]
[Black "Ye, Jiangchuan"]
[Result "0-1"]
[BlackTitle "GM"]
[WhiteElo "2159"]
[BlackElo "2602"]
[WhiteTeam "Zhejiang Shaoxing"]
[BlackTeam "Shenzhen Pengcheng"]
[WhiteFideId "8618860"]
[BlackFideId "8600040"]
[EventDate "2023.06.05"]
[EventType "team"]

1. e4 c5 2. Nf3 e6 3. c3 Nf6 4. e5 Nd5 5. d4 cxd4 6. cxd4 d6 7. Nc3 Nxc3 8. bxc3
Qc7 9. Bd2 Nd7 10. exd6 Bxd6 11. Bd3 Bf4 12. O-O Bxd2 13. Qxd2 O-O 14. Rae1 b6
15. Re4 Bb7 16. Rh4 f5 17. Qe2 Rf6 18. Bc4 Nf8 19. Ne5 Rc8 20. Rh3 Ng6 21. Qh5
Nxe5 22. Qxh7+ Kf7 23. dxe5 Qxe5 24. Qh5+ Kg8 25. Qh7+ Kf7 26. Rd1 Rxc4 27. Rg3
Rg4 28. Qh5+ Rgg6 29. Rxg6 Rxg6 30. h3 Bc6 31. c4 Qe4 32. f3 Qe2 0-1

[Event "TCh-CHN DivA Regular"]
[Site "Fuling CHN"]
[Date "2023.06.05"]
[Round "1.6"]
[Board "4"]
[White "Song, Yuxin"]
[Black "Ding, Yixin"]
[Result "1/2-1/2"]
[WhiteTitle "WIM"]
[BlackTitle "WGM"]
[WhiteElo "2353"]
[BlackElo "2422"]
[WhiteTeam "Shenzhen Pengcheng"]
[BlackTeam "Zhejiang Shaoxing"]
[WhiteFideId "8614300"]
[BlackFideId "8602972"]
[EventDate "2023.06.05"]
[EventType "team"]

1. e4 c5 2. Nf3 Nc6 3. Bb5 e6 4. O-O Nge7 5. Re1 Nd4 6. Bf1 Nxf3+ 7. Qxf3 Nc6 8.
d3 d6 9. Nd2 Be7 10. Nb3 O-O 11. Be3 a5 12. a4 Qb6 13. Bd2 Bd7 14. Qd1 Bf6 15.
c3 d5 16. exd5 exd5 17. Bf4 Rfe8 18. Rxe8+ Rxe8 19. Bd6 Be7 20. Bxe7 Rxe7 21.
Ra2 d4 22. Ra3 Be6 23. Qc2 Bd5 24. c4 Be6 25. Nc1 Bf5 26. Ne2 Nb4 27. Qd2 Qe6
28. Ng3 Bg6 29. Ra1 h5 30. b3 h4 31. Ne2 Bxd3 32. Nf4 Qh6 33. Bxd3 Nxd3 34. Qxa5
Qxf4 35. Qd8+ Kh7 36. Qxe7 Qxf2+ 37. Kh1 f5 38. Qg5 g6 39. h3 b6 40. Qe7+ Kh6
41. Rd1 Qg3 42. Qf8+ Kh5 43. Qh8+ Kg5 44. Qd8+ Kh5 45. Qh8+ Kg5 46. Qd8+ Kh5 1/2-1/2

[Event "TCh-CHN DivA Regular"]
[Site "Fuling CHN"]
[Date "2023.06.05"]
[Round "1.6"]
[Board "5"]
[White "Bai, Xue"]
[Black "Li, Xueyi"]
[Result "1-0"]
[BlackTitle "WGM"]
[WhiteElo "2041"]
[BlackElo "2291"]
[WhiteTeam "Zhejiang Shaoxing"]
[BlackTeam "Shenzhen Pengcheng"]
[WhiteFideId "8608717"]
[BlackFideId "8605912"]
[EventDate "2023.06.05"]
[EventType "team"]

1. e4 c5 2. Nf3 d6 3. d4 cxd4 4. Nxd4 Nf6 5. Nc3 Nc6 6. f3 e5 7. Nb3 Be6 8. Be3
a6 9. Qd2 Be7 10. Nd5 Bxd5 11. exd5 Nb8 12. O-O-O O-O 13. g4 Nbd7 14. Kb1 b6 15.
h4 Nc5 16. h5 Nfd7 17. f4 Nxb3 18. axb3 exf4 19. Bxf4 Ne5 20. Be2 f6 21. Qd4 Qc7
22. Be3 b5 23. Qe4 Qd7 24. Qf5 Qxf5 25. gxf5 h6 26. c3 Rfe8 27. Kc2 Bf8 28. Rhe1
Nd7 29. Bd3 Ne5 30. Bf4 Rec8 31. Re4 Nd7 32. b4 Ne5 33. Ra1 Re8 34. Bf1 Rec8 35.
Ra2 Nf3 36. Kb3 Re8 37. Re6 Red8 38. Be2 Ne5 39. Kc2 Rdc8 40. Ra1 Rcb8 41. Bxe5
fxe5 42. f6 gxf6 43. Rxf6 Ra7 44. Rg6+ Rg7 45. Rxh6 Rg2 46. Rg6+ Rxg6 47. hxg6
Rb6 48. Bg4 Bh6 49. Kd3 Kg7 50. Bf5 Kf6 51. Ke4 Kg7 52. Kf3 Kf6 53. Kg4 Kg7 54.
Bd3 Kf6 55. Rf1+ Bf4 56. Rh1 Rb7 57. Rh8 Rd7 58. Rf8+ Kg7 59. Rc8 Bc1 60. b3 Bd2
61. Kf3 Ra7 62. Rc6 a5 63. bxa5 Rxa5 64. Rc7+ Kg8 65. Bf5 Bh6 66. Be6+ 1-0

[Event "TCh-CHN DivA Regular"]
[Site "Fuling CHN"]
[Date "2023.06.06"]
[Round "2.1"]
[Board "1"]
[White "Nie, Xinyang"]
[Black "Wang, Hao"]
[Result "0-1"]
[BlackTitle "GM"]
[WhiteElo "2222"]
[BlackElo "2722"]
[WhiteTeam "Chongqing Jiulongpo"]
[BlackTeam "Shenzhen Pengcheng"]
[WhiteFideId "8607222"]
[BlackFideId "8602883"]
[EventDate "2023.06.05"]
[EventType "team"]

1. Nf3 c5 2. c4 Nc6 3. Nc3 g6 4. e3 Nf6 5. d4 cxd4 6. Nxd4 Bg7 7. Be2 O-O 8. O-O
d5 9. cxd5 Nxd5 10. Nxd5 Qxd5 11. Bf3 Qc5 12. Nxc6 bxc6 13. Qa4 Rb8 14. Qxc6 Qa5
15. Qd5 Rb5 16. Qe4 Bb7 17. Qg4 h5 18. Qh3 Bc8 19. Qh4 Bf6 20. Qe4 Bf5 21. Qc6
Rd8 22. e4 Rc5 23. b4 Qxb4 24. Rb1 Qa5 25. Qb7 Be6 26. Be3 Rc7 27. Qb5 Qxa2 28.
Rfd1 Rdc8 29. h3 Bc4 30. Qb4 a5 31. Qb6 Be5 32. Rd2 Qa3 33. Rbd1 Qb4 34. Rd8+
Rxd8 35. Rxd8+ Kg7 36. Rd1 Rb7 37. Qc6 Bb3 38. Rb1 Bd5 39. Rxb4 0-1

[Event "TCh-CHN DivA Regular"]
[Site "Fuling CHN"]
[Date "2023.06.06"]
[Round "2.1"]
[Board "2"]
[White "Xue, Haowen"]
[Black "Wan, Yunguo"]
[Result "1/2-1/2"]
[BlackTitle "GM"]
[WhiteElo "2341"]
[BlackElo "2504"]
[WhiteTeam "Shenzhen Pengcheng"]
[BlackTeam "Chongqing Jiulongpo"]
[WhiteFideId "8625492"]
[BlackFideId "8603189"]
[EventDate "2023.06.05"]
[EventType "team"]

1. d4 Nf6 2. Nf3 g6 3. c4 Bg7 4. h3 O-O 5. e3 c5 6. d5 d6 7. Nc3 e6 8. Bd3 exd5
9. cxd5 Na6 10. O-O Nc7 11. e4 b5 12. Re1 b4 13. Nb1 Nd7 14. Bg5 Bf6 15. Bxf6
Qxf6 16. Qc1 Ba6 17. Bxa6 Nxa6 18. Nbd2 Rfe8 19. Nc4 Nc7 20. a4 bxa3 21. Rxa3
Nb6 22. Na5 Nb5 23. Rb3 Nd4 24. Nxd4 Qxd4 25. Nc6 Qf6 26. e5 dxe5 27. Qxc5 Nd7
28. Qa3 e4 29. Rb7 Nb6 30. Ne7+ Kg7 31. Rxe4 Rac8 32. Qe3 Nc4 33. Qf4 Nd6 34.
Qxf6+ Kxf6 35. Rf4+ Kg7 36. Nxc8 Nxb7 37. Nxa7 Re1+ 38. Kh2 Rd1 39. Rb4 Nd6 40.
Nc6 Rd2 41. f4 Nf5 42. Rb7 Rxd5 43. Ne5 Rd4 44. Rxf7+ Kg8 45. Rd7 Rxf4 46. Ng4
h5 47. Ne5 Rf2 48. Nxg6 Rxb2 49. Ne7+ Nxe7 50. Rxe7 Rb5 51. Ra7 Rg5 52. Kg1 Rf5
53. Rb7 Kh8 54. Kh2 Rg5 55. h4 Rf5 56. Kg3 Kg8 57. Rd7 Kh8 58. Kh3 Kg8 59. Rd3
Kg7 60. Rg3+ Kh6 61. Rg8 Ra5 62. Rb8 Ra3+ 63. Kh2 Ra4 64. Rb6+ Kh7 65. g3 Ra2+
66. Kh3 Rc2 67. Rf6 Ra2 68. Rf1 Rb2 69. Rg1 Ra2 70. Rg2 Rxg2 71. Kxg2 Kg6 72.
Kh2 Kh6 73. Kg1 Kg7 74. Kh1 Kh7 75. Kg2 Kg6 76. Kf2 Kf6 77. Ke2 Ke6 78. Kd2 Kf5
79. Ke3 Ke5 80. g4 1/2-1/2

[Event "TCh-CHN DivA Regular"]
[Site "Fuling CHN"]
[Date "2023.06.06"]
[Round "2.1"]
[Board "4"]
[White "Song, Yuxin"]
[Black "Sun, Fanghui"]
[Result "1/2-1/2"]
[WhiteTitle "WIM"]
[BlackTitle "WIM"]
[WhiteElo "2353"]
[BlackElo "2223"]
[WhiteTeam "Shenzhen Pengcheng"]
[BlackTeam "Chongqing Jiulongpo"]
[WhiteFideId "8614300"]
[BlackFideId "8604150"]
[EventDate "2023.06.05"]
[EventType "team"]

1. d4 Nf6 2. Nf3 g6 3. c4 Bg7 4. Nc3 d5 5. cxd5 Nxd5 6. e4 Nxc3 7. bxc3 c5 8.
Rb1 O-O 9. Be2 Nc6 10. d5 Ne5 11. Nxe5 Bxe5 12. Qd2 e6 13. f4 Bc7 14. O-O exd5
15. exd5 Ba5 16. d6 b6 17. Bb2 Bf5 18. Rbd1 Qd7 19. a4 a6 20. h3 b5 21. axb5
axb5 22. Bf3 Rae8 23. Ra1 Qd8 24. g4 Be4 25. d7 Re7 26. Bxe4 Rxe4 27. Qd3 Re6
28. Rfe1 c4 29. Qd2 Qb6+ 30. Qf2 Rd8 31. Rxe6 fxe6 32. Rd1 Qc6 33. Qg2 Bb6+ 34.
Kh1 Qxg2+ 35. Kxg2 Bc5 36. f5 gxf5 37. gxf5 Kf7 38. Bc1 exf5 39. Rd5 Be7 1/2-1/2

[Event "TCh-CHN DivA Regular"]
[Site "Fuling CHN"]
[Date "2023.06.06"]
[Round "2.1"]
[Board "5"]
[White "Zhang, Lanlin"]
[Black "Li, Xueyi"]
[Result "1/2-1/2"]
[BlackTitle "WGM"]
[WhiteElo "2156"]
[BlackElo "2291"]
[WhiteTeam "Chongqing Jiulongpo"]
[BlackTeam "Shenzhen Pengcheng"]
[WhiteFideId "8608032"]
[BlackFideId "8605912"]
[EventDate "2023.06.05"]
[EventType "team"]

1. e4 c6 2. d4 d5 3. Nc3 dxe4 4. Nxe4 Nf6 5. Nxf6+ exf6 6. c3 Bd6 7. Bd3 O-O 8.
Qc2 Re8+ 9. Ne2 h5 10. Be3 Nd7 11. O-O-O Nf8 12. Kb1 Be6 13. c4 Ng6 14. h3 b5
15. c5 Bc7 16. g4 h4 17. Rhg1 Bd5 18. Nc3 Bf3 19. Be2 Bxe2 20. Nxe2 Qd5 21. Nc3
Qf3 22. d5 b4 23. Ne2 cxd5 24. Nd4 Qe4 25. Nb5 Qxc2+ 26. Kxc2 Bf4 27. Rxd5 Bxe3
28. fxe3 Rec8 29. Kb3 Ne7 30. Rd7 Rxc5 31. Rxe7 Rxb5 32. Rd1 a5 33. Rdd7 Rf8 34.
e4 Rc5 35. Rd5 Rc1 36. Rh5 Ra8 37. Rxh4 Rg1 38. Rh5 Rg3+ 39. Ka4 Rg2 40. Kb3
Rg3+ 41. Ka4 Rg2 42. Kb3 1/2-1/2

[Event "TCh-CHN DivA Regular"]
[Site "Fuling CHN"]
[Date "2023.06.06"]
[Round "2.2"]
[Board "1"]
[White "Zhu, Hengyi"]
[Black "Lu, Shanglei"]
[Result "0-1"]
[BlackTitle "GM"]
[WhiteElo "2247"]
[BlackElo "2597"]
[WhiteTeam "Hangzhou"]
[BlackTeam "Zhejiang Shaoxing"]
[WhiteFideId "8611211"]
[BlackFideId "8603332"]
[EventDate "2023.06.05"]
[EventType "team"]

1. e4 c5 2. Nf3 Nc6 3. d4 cxd4 4. Nxd4 Nf6 5. Nc3 e6 6. Ndb5 Bc5 7. Bf4 O-O 8.
Bc7 Qe7 9. Bd6 Bxd6 10. Qxd6 Qd8 11. Qd2 a6 12. Nd6 Qb6 13. Nc4 Qa7 14. e5 Ng4
15. f4 d5 16. exd6 b5 17. h3 Nf6 18. Ne5 Bb7 19. Bd3 Nxe5 20. fxe5 Nd7 21. O-O-O
Nxe5 22. Rhe1 f6 23. Kb1 Rad8 24. Rxe5 fxe5 25. Qe2 Qc5 26. Qh5 h6 27. Qg6 Rf6
28. Qh7+ Kf7 29. g4 Qe3 30. h4 Bf3 31. g5 hxg5 32. hxg5 Qxg5 33. Ne4 Qh6 34.
Nxf6 Bxd1 0-1

[Event "TCh-CHN DivA Regular"]
[Site "Fuling CHN"]
[Date "2023.06.06"]
[Round "2.2"]
[Board "2"]
[White "Zhu, Jiner"]
[Black "Kong, Xiangrui"]
[Result "1/2-1/2"]
[WhiteTitle "WGM"]
[WhiteElo "2507"]
[BlackElo "2273"]
[WhiteTeam "Zhejiang Shaoxing"]
[BlackTeam "Hangzhou"]
[WhiteFideId "8608059"]
[BlackFideId "8632200"]
[EventDate "2023.06.05"]
[EventType "team"]

1. d4 d5 2. c4 c6 3. Nc3 Nf6 4. Nf3 e6 5. e3 Nbd7 6. Bd3 dxc4 7. Bxc4 b5 8. Bd3
Bb7 9. O-O a6 10. e4 c5 11. d5 Qc7 12. dxe6 fxe6 13. Bc2 Bd6 14. Ng5 Nf8 15. f4
O-O-O 16. Qe2 h6 17. Nf3 Bxf4 18. a4 b4 19. e5 Bxf3 20. Rxf3 Bxe5 21. Qxa6+ Qb7
22. Qe2 N8d7 23. Nb5 Kb8 24. Re3 Bd4 25. Nxd4 cxd4 26. Rxe6 Rhe8 27. Bf4+ Ka7
28. Rd1 Qb6 29. Rxb6 Rxe2 30. Rc6 Nd5 31. Bg3 Ne3 32. Rc7+ Kb6 33. a5+ Kxa5 34.
Ra1+ Kb6 35. Be4 Nc5 36. Rxc5 Kxc5 37. Rc1+ Nc4 38. Bd3 Rxb2 39. Rxc4+ Kd5 40.
Rc7 b3 41. h4 Ra8 42. Bc4+ Ke4 43. Re7+ Kf5 44. Rf7+ Ke4 45. Re7+ Kf5 46. Re5+
Kf6 47. Re6+ Kf5 48. Rd6 Ra1+ 49. Kh2 Rd1 50. Rd5+ Kg4 51. Rd7 Kf5 52. Rf7+ Ke4
53. Re7+ Kf5 54. Bd5 Rbb1 55. Rf7+ Kg6 56. Be5 Rf1 57. h5+ Kg5 58. Rxg7+ Kf5 59.
Bxd4 Rbd1 60. Rf7+ Kg5 61. Rg7+ Kf5 62. Rf7+ Kg5 63. Be3+ Kxh5 64. Bxb3 Rh1+ 65.
Kg3 Rd3 66. Rf5+ Kg6 67. Bc2 Kxf5 68. Bxd3+ Kf6 69. Kg4 Kg7 70. Be4 Rd1 71. Bf4
Re1 72. Be5+ Kf7 73. Kf5 Rf1+ 74. Bf3 Rf2 75. Bc3 Rf1 76. Bd4 Rb1 77. Bd5+ Ke8
78. Kg6 Rd1 79. Bc6+ Ke7 80. Bc5+ Ke6 81. Bf3 Rd8 82. Be3 Rg8+ 83. Kh7 Rd8 84.
Kxh6 Ke5 85. Kh5 Rd3 86. Bg5 Ra3 87. Kg4 Ra4+ 88. Kg3 Ra3 89. Kf2 Ra2+ 90. Be2
Ke4 91. Be3 Rb2 92. g4 Ra2 93. g5 Kf5 94. Ke1 Ra1+ 95. Bd1 Ra2 96. Kf1 Ra3 97.
Bc2+ Kg4 98. Bd2 Ra2 99. Bd1+ Kf5 100. Be3 Ra3 101. Ke2 Rxe3+ 102. Kxe3 Kxg5 1/2-1/2

[Event "TCh-CHN DivA Regular"]
[Site "Fuling CHN"]
[Date "2023.06.06"]
[Round "2.2"]
[Board "3"]
[White "Xie, Kaifan"]
[Black "Chen, Yuan2"]
[Result "1-0"]
[WhiteTitle "CM"]
[WhiteElo "2278"]
[BlackElo "2159"]
[WhiteTeam "Hangzhou"]
[BlackTeam "Zhejiang Shaoxing"]
[WhiteFideId "8619107"]
[BlackFideId "8618860"]
[EventDate "2023.06.05"]
[EventType "team"]

1. d4 Nf6 2. c4 e6 3. g3 d5 4. Bg2 Be7 5. Nf3 O-O 6. O-O c6 7. Qc2 Nbd7 8. Nbd2
b6 9. e4 Nxe4 10. Nxe4 dxe4 11. Qxe4 Bb7 12. Re1 Qc8 13. Qe2 Re8 14. Bf4 c5 15.
dxc5 Bxc5 16. Rad1 e5 17. Be3 e4 18. Ng5 Nf6 19. Bd4 Bxd4 20. Rxd4 Qc5 21. Qd2
Re5 22. Nxe4 Bxe4 23. Bxe4 Rae8 24. Qd3 Qa5 25. Rd1 Qxa2 26. Bc6 Re1+ 27. Kg2
Rxd1 28. Qxd1 Rf8 29. Rd8 g6 30. Rxf8+ Kxf8 31. Qd4 Kg7 32. b4 a5 33. Qxb6 a4
34. Qa7 a3 35. b5 Ng4 36. Bd5 Ne5 37. b6 Qb2 38. b7 a2 39. b8=Q Qb4 40. Qbb7
Qxb7 41. Qb8 a1=Q 42. Qxb7 Qc3 43. Qe7 h5 44. Kh3 Nd3 45. Qxf7+ Kh6 46. Be4 Ne5
47. Qf6 1-0

[Event "TCh-CHN DivA Regular"]
[Site "Fuling CHN"]
[Date "2023.06.06"]
[Round "2.2"]
[Board "4"]
[White "Ding, Yixin"]
[Black "Lu, Miaoyi"]
[Result "1-0"]
[WhiteTitle "WGM"]
[BlackTitle "WIM"]
[WhiteElo "2422"]
[BlackElo "2176"]
[WhiteTeam "Zhejiang Shaoxing"]
[BlackTeam "Hangzhou"]
[WhiteFideId "8602972"]
[BlackFideId "8618020"]
[EventDate "2023.06.05"]
[EventType "team"]

1. e4 c5 2. c3 Nf6 3. e5 Nd5 4. Nf3 d6 5. Bc4 Nb6 6. Bb3 Nc6 7. exd6 Qxd6 8. O-O
Be6 9. Bxe6 Qxe6 10. a4 Rd8 11. a5 Nd5 12. a6 b5 13. d4 cxd4 14. cxd4 b4 15. Re1
Qd7 16. Nbd2 Nb6 17. Nb3 e6 18. Bg5 Be7 19. Nc5 Qd5 20. Bxe7 Kxe7 21. Rc1 Nxd4
22. Ne5 Rc8 23. Qh5 Rxc5 24. Rxc5 Qxc5 25. Qxf7+ Kd6 26. Qxa7 Ne2+ 27. Kf1 Ra8
28. Nf7+ Kc6 29. Qb7+ Kb5 30. Rxe2 Ka4 31. a7 Rc8 32. Re1 Qc4+ 33. Kg1 Qc1 34.
Rf1 Ka5 35. h3 Qc7 36. Ra1+ Kb5 37. Qa6+ 1-0

[Event "TCh-CHN DivA Regular"]
[Site "Fuling CHN"]
[Date "2023.06.06"]
[Round "2.2"]
[Board "5"]
[White "Zhao, Shengxin"]
[Black "Bai, Xue"]
[Result "0-1"]
[WhiteTitle "WFM"]
[WhiteElo "2156"]
[BlackElo "2041"]
[WhiteTeam "Hangzhou"]
[BlackTeam "Zhejiang Shaoxing"]
[WhiteFideId "8608040"]
[BlackFideId "8608717"]
[EventDate "2023.06.05"]
[EventType "team"]

1. d4 Nf6 2. Bg5 d5 3. Nd2 e6 4. e4 dxe4 5. Bxf6 gxf6 6. Nxe4 f5 7. Ng3 c5 8.
Nf3 Nc6 9. dxc5 Qxd1+ 10. Rxd1 Bxc5 11. Bb5 Bd7 12. O-O O-O-O 13. Rfe1 Kc7 14.
c3 h5 15. h4 a6 16. Bd3 Bd6 17. Ng5 Rdf8 18. Be2 f6 19. Nh3 Bxg3 20. fxg3 e5 21.
Rf1 Rfg8 22. Kh2 Rg7 23. Rd3 Ne7 24. Rfd1 Bc6 25. Rd6 f4 26. Rxf6 Rxg3 27. Bf1
Nd5 28. Rf7+ Kb6 29. Be2 Ne3 30. Rg1 Bxg2 31. Ng5 Rg8 32. Re1 Bc6 33. Rg1 Rxg1
34. Kxg1 Ng2 35. Rf5 f3 36. Bf1 Ne3 37. Rxe5 f2+ 0-1

[Event "TCh-CHN DivA Regular"]
[Site "Fuling CHN"]
[Date "2023.06.06"]
[Round "2.3"]
[Board "1"]
[White "Xu, Jun"]
[Black "Ni, Hua"]
[Result "1/2-1/2"]
[WhiteTitle "GM"]
[BlackTitle "GM"]
[WhiteElo "2468"]
[BlackElo "2669"]
[WhiteTeam "Jiangsu"]
[BlackTeam "Shanghai"]
[WhiteFideId "8600031"]
[BlackFideId "8601160"]
[EventDate "2023.06.05"]
[EventType "team"]

1. d4 Nf6 2. c4 e6 3. Nf3 Bb4+ 4. Bd2 c5 5. Bxb4 cxb4 6. a3 bxa3 7. Nxa3 O-O 8.
e3 b6 9. Be2 Bb7 10. Nb5 a5 11. O-O Na6 12. Ne5 d6 13. Nd3 Qe7 14. Bf3 Ne4 15.
Qe2 e5 16. Rfd1 Rfe8 17. dxe5 dxe5 18. Bxe4 Bxe4 19. Nc3 Qb7 20. f3 Bc6 21. e4
b5 22. cxb5 Bxb5 23. Qf2 Bxd3 24. Rxd3 Nb4 25. Rd6 Nc6 26. Qc5 Nd4 27. Rb6 Qa7
28. Nb5 Nxb5 29. Rxb5 a4 30. Qxa7 Rxa7 31. Ra3 f6 32. Rb4 Rea8 33. b3 axb3 34.
Rxa7 Rxa7 35. Rxb3 Kf7 1/2-1/2

[Event "TCh-CHN DivA Regular"]
[Site "Fuling CHN"]
[Date "2023.06.06"]
[Round "2.3"]
[Board "2"]
[White "Xu, Yi"]
[Black "Chen, Qi b"]
[Result "1/2-1/2"]
[WhiteTitle "GM"]
[BlackTitle "IM"]
[WhiteElo "2502"]
[BlackElo "2484"]
[WhiteTeam "Shanghai"]
[BlackTeam "Jiangsu"]
[WhiteFideId "8605564"]
[BlackFideId "8614733"]
[EventDate "2023.06.05"]
[EventType "team"]

1. e4 e5 2. Nf3 Nf6 3. Nc3 Nc6 4. Bb5 Nd4 5. Bc4 Bc5 6. Nxe5 Qe7 7. Nf3 d5 8.
Nxd5 Qxe4+ 9. Ne3 Bg4 10. Be2 Nxe2 11. Qxe2 O-O-O 12. d3 Bxf3 13. Qxf3 Qxf3 14.
gxf3 Rhe8 15. Rg1 g6 16. Kf1 Nd5 17. Nxd5 Rxd5 18. Rg5 Rxg5 19. Bxg5 Re5 20. Bd2
Rf5 21. Kg2 Re5 22. Re1 Rxe1 23. Bxe1 Kd7 24. Bd2 a6 25. Be3 Bd6 26. h3 c6 27.
f4 Ke6 28. Kf3 f5 29. c4 Be7 30. d4 Bf8 31. Ke2 Be7 32. Kf3 Bf8 33. Ke2 Be7 1/2-1/2

[Event "TCh-CHN DivA Regular"]
[Site "Fuling CHN"]
[Date "2023.06.06"]
[Round "2.3"]
[Board "4"]
[White "Ju, Wenjun"]
[Black "Guo, Qi"]
[Result "1-0"]
[WhiteTitle "GM"]
[BlackTitle "IM"]
[WhiteElo "2566"]
[BlackElo "2369"]
[WhiteTeam "Shanghai"]
[BlackTeam "Jiangsu"]
[WhiteFideId "8603006"]
[BlackFideId "8604002"]
[EventDate "2023.06.05"]
[EventType "team"]

1. c4 e6 2. g3 d5 3. Bg2 d4 4. Nf3 Nc6 5. O-O Bc5 6. d3 a5 7. e3 Nge7 8. Na3 O-O
9. Nb5 e5 10. exd4 Bxd4 11. Nfxd4 Nxd4 12. Re1 c6 13. Nxd4 exd4 14. b3 Be6 15.
Qh5 a4 16. b4 Qd7 17. a3 Bf5 18. Bb2 Rfe8 19. Be4 Rad8 20. Re2 h6 21. Bxf5 Nxf5
22. Rae1 g6 23. Qf3 h5 24. h3 Rxe2 25. Qxe2 Ng7 26. Qe7 Ne6 27. Qf6 b6 28. Bc1
Kh7 29. g4 hxg4 30. hxg4 Re8 31. Kh2 Ng7 32. Rxe8 Nxe8 33. Qe5 Ng7 34. Kg3 f5
35. f3 fxg4 36. fxg4 Ne6 37. Bd2 b5 38. c5 Qd5 39. Qxd5 cxd5 40. c6 g5 41. Bxg5 1-0